Представление документа в формате RUSMARC

ПолеНазваниеЗначение
  Тип записи a
  Библиографический уровень a
001 Контрольный номер RU/УОНБ/EK_Kray/335112654
005 Дата корректировки 20240730173429.3
100 Данные общей обработки __
a Данные общей обработки 20100814d2010 ||| 0rusy0189 ca
101 Язык документа 0_
a Язык текста rus
102 Страна публикации __
a Страна публикации RU
105 Кодированные данные (монография) __
a Кодированные данные (монография) y###||||000|y
200 Заглавие и сведения об ответственности 1_
a Заглавие Под композитным крылом
e Сведения, относящиеся к заглавию чёрные компоненты для "лайнера будущего" сделают в Ульяновске в 2013 году
f Первые сведения об ответственности Семён Альтов
215 Физическое описание __
c Иллюстрации/тип воспроизводства 1 фот.
225 Серия 1_
a Серия Темы недели
330 Аннотация __
a Аннотация Презентация проекта строительства завода по производству конструкций из композитных материалов на производственной площадке ЗАО "Авиастар-СП" в рамках визита А. Чубайса и президента ЗАО "Аэрокомпозит" А. Гайданского.
461 Уровень набора _0
1 2000
a Ульяновская правда
1 011
463 Уровень физической единицы _0
1 001RU/УОНБ/EK_Kray/335112147
1 2000
a 13 авг
v С. 2
1 210
d 2010
600 Персоналии _1
a Персоналии (Фамилия) Чубайс, Анатолий Борисович
600 Персоналии _1
a Персоналии (Фамилия) Гайданский, Анатолий
601 Наименование организации как предмет 02
a Наименование организации как предмет Авиастар-СП, ЗАО
610 Ключевые слова 0_
a Ключевые слова композитные конструкции; авиазаводы
686 Индексы других классификаций __
a Классификационный индекс 65.630.109.210.1
2 Код системы rubbk
700 Автор _1
a Фамилия Альтов
b Имя (инициалы) С.
g Полное личное имя Семён
4 Код отношения 070
801 Источник записи _0
a Страна RU
b Организация Ульяновская ОНБ
c Дата составления 20100814
g Правила каталогизации RCR
801 Источник записи _1
a Страна RU
b Организация IS
c Дата составления 20100814
g Правила каталогизации RCR
901 Тип документа __
t Тип документа b
w Контрольный № источника UONB/MAIN/2ff25093a08345d48c70eb154d6b2c41
938 Служебная информация __
a Имя БД kraeved_work
b Имя библиотеки УОНБ
c Имя АИБС МАРК-SQL
d Номер DOC_ID в БД 70654